[Event "32.Schlosspark-Open"]
[Site "Wiesbaden-Biebrich"]
[Date "2023.08.26"]
[Round "4.1"]
[White "Pfreundt, Jakob"]
[Black "Ruppert, Wolfgang"]
[Result "1-0"]
[WhiteElo "2427"]
[BlackElo "2165"]
[PlyCount "75"]
[EventDate "2023.??.??"]
[WhiteTeam "HSK Lister Turm"]
[BlackTeam "SC Flörsheim 1921"]

{[%evp 0,75,23,23,23,23,23,27,23,17,19,10,12,7,7,2,-12,-27,-1,-14,-14,-16,-5,5,-5,-8,-11,-43,-23,-24,11,10,17,17,42,31,30,40,58,9,30,0,0,0,113,148,154,159,193,184,184,179,183,181,190,183,400,430,555,563,584,596,604,617,649,724,1071,979,1155,1151,1201,603,697,697,697,770,1396,1414]} 1. e4 e5 2. Nf3 Nc6 3. Bc4 Nf6 4. d3 Bc5 5. Nc3 h6 6. h3 d6 7. Na4 Bb6 8. a3 Ne7 9. Nxb6 axb6 10. Ba2 Ng6 11. O-O O-O 12. Re1 Be6 13. Bb1 Re8 14. d4 c6 15. c3 Qc7 16. Be3 Rad8 17. a4 d5 18. Nxe5 Nxe5 19. dxe5 dxe4 20. Qc2 Qxe5 21. Bxb6 Qg5 22. Bxd8 Rxd8 23. Qc1 Qh4 24. Qe3 Bf5 25. Bc2 Nd5 26. Qg3 Qe7 27. Rad1 Rd6 28. c4 Rg6 29. Qb8+ Kh7 30. cxd5 Qh4 31. Re3 cxd5 32. Rxd5 Bxh3 33. Rxh3 Qxh3 34. Bxe4 f5 35. Rxf5 Rxg2+ 36. Bxg2 Qxf5 37. Qxb7 Qa5 38. Be4+ 1-0

[Event "32.Schlosspark-Open"]
[Site "Wiesbaden-Biebrich"]
[Date "2023.08.26"]
[Round "4.2"]
[White "Henrich, Thomas"]
[Black "Smith, Bryan"]
[Result "0-1"]
[WhiteElo "2147"]
[BlackElo "2378"]
[PlyCount "78"]
[EventDate "2023.??.??"]
[WhiteTeam "SK Marburg 1931/72"]
[BlackTeam "Philadelphia,PA"]

{[%evp 0,78,23,22,22,-14,44,43,32,33,33,33,37,6,34,52,45,-11,17,-9,37,46,21,9,11,18,36,29,28,22,17,-19,22,17,35,20,51,60,32,-20,-7,-27,-26,-26,-26,-26,-26,-58,-37,-68,-75,-67,-86,-92,-70,-103,-104,-104,-104,-147,-157,-271,-297,-273,-62,-92,-69,-137,-149,-160,-154,-170,-157,-215,-170,-417,-402,-449,-445,-674,-695]} 1. d4 Nf6 2. c4 g6 3. Nc3 Bg7 4. e4 d6 5. Be2 O-O 6. Bg5 Na6 7. Qd2 e5 8. d5 Qe8 9. Bd1 c6 10. Nge2 cxd5 11. Bxf6 Bxf6 12. Nxd5 Bg7 13. Nec3 Qd8 14. h4 h5 15. g4 hxg4 16. h5 Be6 17. Be2 Bf6 18. Nxf6+ Qxf6 19. Qh6 Qf4 20. hxg6 Qxh6 21. Rxh6 Kg7 22. Rh4 Kxg6 23. O-O-O Rh8 24. Rxh8 Rxh8 25. Rxd6 Kg5 26. Kd2 Rh2 27. Ke3 Rh3+ 28. Kd2 Kf4 29. Bd3 Kf3 30. Ke1 Rh1+ 31. Bf1 Nc5 32. Ne2 a5 33. b3 Rh2 34. Rd2 Kxe4 35. Ng3+ Kf4 36. Rc2 Bf5 37. Ne2+ Kg5 38. Rc3 Nd3+ 39. Kd2 Rxf2 0-1

[Event "32.Schlosspark-Open"]
[Site "Wiesbaden-Biebrich"]
[Date "2023.08.26"]
[Round "4.3"]
[White "Lammers, Markus"]
[Black "Töpfer, Albrecht"]
[Result "0-1"]
[WhiteElo "2340"]
[BlackElo "2065"]
[Annotator "hansd"]
[PlyCount "230"]
[EventDate "2023.??.??"]
[WhiteTeam "HSK Lister Turm"]
[BlackTeam "SC Fulda"]

1. Nf3 d6 2. d4 Nf6 3. c4 Nbd7 4. Nc3 e5 5. g3 Be7 6. Bg2 O-O 7. O-O c6 8. Qc2 Re8 9. Rd1 Qc7 10. b3 Bf8 11. Bb2 e4 12. Ng5 d5 13. Rac1 a6 14. Nh3 Bd6 15. cxd5 cxd5 16. Qd2 Qd8 17. Nf4 Nb6 18. a4 Bb4 19. Qc2 g5 20. Nfxd5 (20. Nh3 {und Weiß steht nicht schlechter. Der Textzug generiert Verwicklungen.}) 20... Nbxd5 21. Nxd5 Nxd5 22. Bxe4 Rxe4 (22... f5 {und so hätte die Maschine gespielt}) 23. Qxe4 Be6 24. f3 Bd6 25. Kf2 Qf8 26. Kg1 Qh6 27. Rc5 $2 {Und ab hier beginnt die Platine zu kochen. Denn:} f5 $1 28. Qd3 f4 29. e4 fxe3 30. Qe4 Bxc5 31. dxc5 Rd8 32. b4 Kf7 33. b5 axb5 34. axb5 {begleitet mit einem Remisangebot.} Qg6 35. c6 bxc6 36. bxc6 Qxe4 37. fxe4 e2 38. Re1 Nb4 39. Rxe2 Nxc6 40. Kg2 g4 41. Rf2+ Kg8 42. Rf6 Rd2+ 43. Rf2 Rxf2+ 44. Kxf2 Na5 45. Be5 Kf7 46. Bf4 Bc4 47. Kg2 Bd3 48. h3 Bxe4+ 49. Kh2 Bf3 50. hxg4 Bxg4 51. Kg2 Nc4 52. Kf2 Ke6 53. Bc7 Kd5 54. Bb8 Ke4 55. Bc7 Kd3 56. Bb8 Nd2 57. Bf4 Ne4+ 58. Kg2 Ke2 59. Bb8 Nd2 60. Bc7 Nc4 61. Bb8 Ne3+ 62. Kg1 Kf3 63. Bc7 Nf5 64. Kh2 Kf2 65. Bb6+ Kf1 66. Bc5 Ng7 67. Bd4 Ne6 68. Be3 h5 69. Kh1 Ke2 70. Ba7 Kf3 71. Kh2 Ng5 72. Bb6 Ne4 73. Bc7 Nd2 74. Kg1 Bh3 75. Kh2 Kg4 76. Kg1 Ne4 77. Kh2 Bf1 78. Kg1 Be2 79. Kg2 Bf3+ 80. Kh2 Nd2 81. Kg1 Kh3 82. Kf2 Kg4 83. Kg1 Bd5 84. Bb8 Kf3 85. Bc7 Be6 86. Bb8 Bh3 87. Kh2 Bg2 88. Bf4 Nf1+ 89. Kg1 Bh3 90. Bc7 Nd2 (90... Nxg3 $4 91. Kh2 $1) 91. Kh2 Bg4 92. Kg1 Ne4 93. Kh2 Be6 94. Bb8 Kf2 95. Ba7+ Kf1 96. Be3 Bg4 97. Bf4 Bf5 98. Bc1 Nc5 99. Bb2 Nb3 100. Bc3 Bg4 101. Kh1 Bf3+ 102. Kh2 Bg2 103. g4 hxg4 104. Kg3 Bf3 105. Be5 Nd2 106. Bb8 Ne4+ 107. Kh2 Bd1 108. Bc7 Kf2 109. Bg3+ Kf3 110. Bc7 Nf6 111. Bb8 Nd5 112. Bd6 Nf4 113. Bc5 g3+ 114. Kg1 Be2 115. Kh1 Bf1 0-1

[Event "32.Schlosspark-Open"]
[Site "Wiesbaden-Biebrich"]
[Date "2023.08.26"]
[Round "4.4"]
[White "Baranyai-Molnar, Adam-Kristof"]
[Black "Stork, Oliver"]
[Result "1-0"]
[WhiteElo "1876"]
[BlackElo "2327"]
[PlyCount "85"]
[EventDate "2023.??.??"]
[WhiteTeam "SF Neuberg"]
[BlackTeam "Klub Kölner SF e. V."]

1. f4 d5 2. Nf3 g6 3. d3 Bg7 4. g3 Nf6 5. Bg2 O-O 6. O-O Nbd7 7. Qe1 Re8 8. e4 dxe4 9. dxe4 e5 10. Nc3 c6 11. Kh1 b5 12. fxe5 Ng4 13. e6 Rxe6 14. Ng5 Re7 15. Bf4 h6 16. Nf3 b4 17. Nd1 a5 18. h3 Nge5 19. Nxe5 Nxe5 20. Ne3 Be6 21. Rd1 Rd7 22. Qe2 Bxa2 23. b3 a4 24. Bxe5 Bxe5 25. Qc4 Qc7 26. Rxd7 Qxd7 27. Ng4 Bg7 28. e5 axb3 29. cxb3 Qe6 30. Qxb4 Bxb3 31. Qb7 Ra2 32. Rf6 Bd5 33. Rxe6 Rxg2 34. Qc8+ Kh7 35. Rd6 Bf3 36. Nh2 Be4 37. Rd4 Re2+ 38. Rxe4 Rxe4 39. Ng4 h5 40. Nf6+ Bxf6 41. exf6 Re6 42. Qd8 g5 43. Qd3+ 1-0

[Event "32.Schlosspark-Open"]
[Site "Wiesbaden-Biebrich"]
[Date "2023.08.26"]
[Round "4.5"]
[White "Neukirchner, Pascal"]
[Black "Stork, Christopher"]
[Result "1/2-1/2"]
[WhiteElo "2279"]
[BlackElo "2065"]
[PlyCount "66"]
[EventDate "2023.??.??"]
[WhiteTeam "SK Gründau"]
[BlackTeam "SV Oberursel"]

1. Nf3 d5 2. g3 Nf6 3. Bg2 c6 4. O-O Bg4 5. h3 Bxf3 6. Bxf3 e6 7. d3 Be7 8. c4 dxc4 9. dxc4 Qxd1 10. Rxd1 Nbd7 11. b3 Rd8 12. Bb2 O-O 13. Nd2 h6 14. Bg2 Rfe8 15. Kf1 Nc5 16. Rac1 Rd7 17. Nb1 Red8 18. Nc3 Na6 19. a3 Nc5 20. b4 Nb3 21. Rxd7 Rxd7 22. Rc2 Rd2 23. Rxd2 Nxd2+ 24. Ke1 Nxc4 25. Bc1 Nd5 26. Nb1 a5 27. e4 axb4 28. exd5 bxa3 29. Nxa3 Bxa3 30. dxc6 bxc6 31. Bxa3 Nxa3 32. Bxc6 Nc2+ 33. Kd2 Nd4 1/2-1/2

[Event "32.Schlosspark-Open"]
[Site "Wiesbaden-Biebrich"]
[Date "2023.08.26"]
[Round "4.6"]
[White "Reschke, Thomas"]
[Black "Dolzhykova, Kateryna"]
[Result "0-1"]
[WhiteElo "2103"]
[BlackElo "2307"]
[PlyCount "42"]
[EventDate "2023.??.??"]
[WhiteTeam "SC Frankfurt-West"]
[BlackTeam "SV Oberursel"]

1. Nf3 Nf6 2. g3 g6 3. b3 Bg7 4. Bb2 d6 5. d4 b5 6. Bg2 Bb7 7. O-O O-O 8. a3 c5 9. e3 Nbd7 10. Nbd2 Nb6 11. Qe2 Qc8 12. Rab1 c4 13. bxc4 bxc4 14. c3 Ne4 15. Ne1 f5 16. f3 Nxd2 17. Qxd2 e5 18. e4 fxe4 19. fxe4 Rxf1+ 20. Kxf1 d5 21. exd5 Qf5+ 0-1

[Event "32.Schlosspark-Open"]
[Site "Wiesbaden-Biebrich"]
[Date "2023.08.26"]
[Round "4.7"]
[White "Leidorf, Sebastian"]
[Black "Weber, Samuel"]
[Result "1/2-1/2"]
[WhiteElo "2053"]
[BlackElo "2276"]
[PlyCount "81"]
[EventDate "2023.??.??"]
[WhiteTeam "SV Bergwinkel"]
[BlackTeam "SV Oberursel"]

1. c4 b6 2. Nc3 Bb7 3. e4 e5 4. Nge2 Bc5 5. g3 Nc6 6. Bg2 h5 7. h3 h4 8. g4 Nge7 9. d3 f6 10. Nd5 O-O 11. Be3 g5 12. Qd2 a5 13. O-O Ng6 14. d4 exd4 15. Nxd4 Nxd4 16. Bxd4 Bxd4 17. Qxd4 Bxd5 18. exd5 Re8 19. Rfe1 Re5 20. d6 c6 21. Re3 Qf8 22. Rae1 a4 23. Kh2 Rae8 24. Be4 c5 25. Qd1 Nf4 26. Bf5 Kg7 27. Rxe5 fxe5 28. Qxa4 Qf7 29. Qb5 e4 30. a3 Nd3 31. Re2 Ne5 32. Rxe4 Nf3+ 33. Kg2 Rxe4 34. Bxe4 Ne5 35. Bf5 Qf8 36. Qxb6 Qa8+ 37. Kf1 Qh1+ 38. Ke2 Qf3+ 39. Ke1 Qh1+ 40. Ke2 Qf3+ 41. Ke1 1/2-1/2

[Event "32.Schlosspark-Open"]
[Site "Wiesbaden-Biebrich"]
[Date "2023.08.26"]
[Round "4.8"]
[White "Ensslinger, Colin"]
[Black "Lesny, Florian"]
[Result "0-1"]
[WhiteElo "2043"]
[BlackElo "2232"]
[PlyCount "70"]
[EventDate "2023.??.??"]
[WhiteTeam "SF Schwaigern"]
[BlackTeam "SK Bad Homburg 1927"]

{[%evp 0,70,24,19,86,63,87,62,62,55,31,23,56,54,48,27,19,47,47,47,11,12,12,12,12,12,27,21,10,15,11,2,-6,-20,-20,-57,-45,-19,6,30,39,24,40,57,67,68,76,83,137,136,167,-70,-70,-158,-60,-368,-498,-424,-605,-605,-9,-312,17,-14,-14,-1270,-211,-238,-238,-774,-922,-922,-922]} 1. e4 c5 2. Nf3 d6 3. d4 cxd4 4. Nxd4 Nf6 5. Nc3 a6 6. Be3 e5 7. Nb3 Be6 8. f3 Be7 9. Qd2 O-O 10. O-O-O Nbd7 11. g4 b5 12. g5 Nh5 13. Rg1 Qc7 14. Kb1 Nb6 15. Qf2 Rab8 16. f4 Nxf4 17. Bxf4 exf4 18. Qxf4 Nc4 19. Nd5 Bxd5 20. exd5 Ne5 21. Nd4 Rfe8 22. h4 Bf8 23. h5 Qc5 24. Bg2 Nc4 25. Be4 Qb4 26. b3 Qc3 27. bxc4 bxc4+ 28. Nb3 cxb3 29. axb3 g6 30. h6 Rb4 31. Rde1 Reb8 32. Kc1 Rxb3 33. Kd1 R3b4 34. Re3 Qa1+ 35. Ke2 Qxg1 0-1

[Event "32.Schlosspark-Open"]
[Site "Wiesbaden-Biebrich"]
[Date "2023.08.26"]
[Round "4.9"]
[White "Eull, Emil"]
[Black "Euler, Gerd"]
[Result "0-1"]
[WhiteElo "2032"]
[BlackElo "2243"]
[PlyCount "62"]
[EventDate "2023.??.??"]
[WhiteTeam "SF Neuberg"]
[BlackTeam "SSG Hungen-Lich"]

1. c4 f5 2. Nf3 Nf6 3. g3 g6 4. Bg2 Bg7 5. O-O O-O 6. Nc3 d6 7. d3 Nc6 8. Rb1 a5 9. a3 Nh5 10. Bd2 f4 11. b4 axb4 12. axb4 Bg4 13. Nd5 fxg3 14. hxg3 Qd7 15. b5 Nd4 16. Bc3 Bxf3 17. exf3 e6 18. Ne3 Ra2 19. Rb2 Ra3 20. Bb4 Raa8 21. Bc3 Nf5 22. Nxf5 Bxc3 23. Rb3 gxf5 24. Rxc3 Qg7 25. d4 f4 26. g4 Qg5 27. gxh5 Kh8 28. Kh2 Qxh5+ 29. Bh3 Rf6 30. Kg2 Qxh3+ 31. Kxh3 Rg8 0-1

[Event "32.Schlosspark-Open"]
[Site "Wiesbaden-Biebrich"]
[Date "2023.08.26"]
[Round "4.10"]
[White "Marzahn, Heiko"]
[Black "Minor, Samuel"]
[Result "0-1"]
[WhiteElo "2031"]
[BlackElo "2185"]
[PlyCount "22"]
[EventDate "2023.??.??"]
[WhiteTeam "SF Eltville"]
[BlackTeam "Wiesbadener SV 1885"]

1. e4 c5 2. Nc3 a6 3. g3 b5 4. Bg2 Bb7 5. d4 cxd4 6. Qxd4 e6 7. Bf4 d6 8. O-O-O e5 9. Bxe5 Nc6 10. Bxg7 Nxd4 11. Bxh8 Bg7 0-1

[Event "32.Schlosspark-Open"]
[Site "Wiesbaden-Biebrich"]
[Date "2023.08.26"]
[Round "4.11"]
[White "Perske, Paul"]
[Black "Fleckenstein, Lukas"]
[Result "0-1"]
[WhiteElo "2085"]
[BlackElo "1864"]
[PlyCount "146"]
[EventDate "2023.??.??"]
[WhiteTeam "Sfr.Heidesheim"]
[BlackTeam "SK Niederbrechen 1948"]

1. e4 d5 2. exd5 Qxd5 3. Nc3 Qa5 4. d4 c6 5. Nf3 Nf6 6. Bc4 Bf5 7. Bd2 e6 8. Nd5 Qd8 9. Nxf6+ Qxf6 10. Qe2 Bg4 11. O-O-O Be7 12. Rhg1 Nd7 13. h3 Bxf3 14. gxf3 h6 15. Kb1 Nb6 16. Bb3 O-O-O 17. c4 Rxd4 18. Bc3 Rxd1+ 19. Bxd1 Qf5+ 20. Bc2 Qxh3 21. Bxg7 Rd8 22. f4 Qh2 23. Qg4 Qxf2 24. f5 Nxc4 25. Bxh6 Ne5 26. Qg2 Qxg2 27. Rxg2 Rh8 28. Bc1 Rh1 29. fxe6 fxe6 30. Be4 Re1 31. Bh7 Nf3 32. Kc2 Nd4+ 33. Kd3 Rxc1 34. Kxd4 Bf6+ 35. Kd3 Kd7 36. Rf2 Ke7 37. Be4 Rd1+ 38. Kc2 Rd4 39. Bh1 Rc4+ 40. Kd3 Rb4 41. b3 a5 42. Rh2 Rd4+ 43. Kc2 Rh4 44. Rxh4 Bxh4 45. Kd3 Kd6 46. Bf3 Kc5 47. Bg4 e5 48. Bc8 b5 49. Bd7 a4 50. bxa4 bxa4 51. Be8 Bf2 52. Bd7 Bd4 53. Be8 a3 54. Bd7 Kd6 55. Bg4 c5 56. Bf3 Ke6 57. Be4 Kf6 58. Bc6 Kf5 59. Be4+ Kf4 60. Bc6 Be3 61. Bd5 Bd4 62. Bc6 Bb2 63. Kc4 e4 64. Kxc5 e3 65. Bb5 Kf3 66. Kb4 e2 67. Bxe2+ Kxe2 68. Kb3 Kd1 69. Kc4 Kc1 70. Kb4 Kb1 71. Kb3 Bc1 72. Kc3 Kxa2 73. Kc2 Bg5 0-1

[Event "32.Schlosspark-Open"]
[Site "Wiesbaden-Biebrich"]
[Date "2023.08.26"]
[Round "4.12"]
[White "Nagel, Bernhard"]
[Black "Marschner, Thomas"]
[Result "1/2-1/2"]
[WhiteElo "2146"]
[BlackElo "1936"]
[PlyCount "64"]
[EventDate "2023.??.??"]
[WhiteTeam "Kölner SK Dr. Lasker 186"]
[BlackTeam "SVG Eppstein 1932"]

1. d4 Nf6 2. c4 g6 3. Nc3 Bg7 4. Bg5 d6 5. e3 O-O 6. Be2 h6 7. Bh4 c5 8. Nf3 Bf5 9. Bd3 Bxd3 10. Qxd3 Nbd7 11. O-O g5 12. Bg3 Nh5 13. h4 g4 14. Nd2 f5 15. Ne2 e5 16. dxe5 Nxe5 17. Qd5+ Rf7 18. Rad1 Nf6 19. Qe6 Qd7 20. Nf4 Re8 21. Qxd7 Rxd7 22. b3 Kf7 23. Rfe1 d5 24. cxd5 Nxd5 25. Nxd5 Rxd5 26. Bxe5 Bxe5 27. Nc4 Ke6 28. Rxd5 Kxd5 29. Rd1+ Kc6 30. Na5+ Kb6 31. Nc4+ Kc6 32. Na5+ Kb6 1/2-1/2

[Event "32.Schlosspark-Open"]
[Site "Wiesbaden-Biebrich"]
[Date "2023.08.26"]
[Round "4.13"]
[White "Boidman, Yuri"]
[Black "Burkart, Lloyd Shang"]
[Result "1/2-1/2"]
[WhiteElo "2288"]
[BlackElo "1891"]
[PlyCount "62"]
[EventDate "2023.??.??"]
[WhiteTeam "SC Heimbach-Weis/Neuwied e.V."]
[BlackTeam "SV 1920 Hofheim"]

1. e4 c5 2. Nf3 e6 3. Nc3 a6 4. g3 Nc6 5. Bg2 Nf6 6. O-O d6 7. d4 cxd4 8. Nxd4 Bd7 9. Nxc6 Bxc6 10. a4 Be7 11. a5 O-O 12. Be3 Qd7 13. Qe2 Bd8 14. Rfd1 Qe7 15. Bf4 Bc7 16. b4 Rfd8 17. b5 axb5 18. Nxb5 e5 19. Nxc7 Qxc7 20. Bg5 Rxa5 21. Rxa5 Qxa5 22. Bxf6 gxf6 23. Qf3 Kg7 24. c4 Qc5 25. Bf1 Bd7 26. Qh5 Be6 27. Qh4 Bxc4 28. Rc1 b5 29. Qg4+ Kh8 30. Qf5 Kg7 31. Qg4+ Kh8 1/2-1/2

[Event "32.Schlosspark-Open"]
[Site "Wiesbaden-Biebrich"]
[Date "2023.08.26"]
[Round "4.14"]
[White "Gutman, Lev"]
[Black "Khenkin, Igor"]
[Result "0-1"]
[WhiteElo "2325"]
[BlackElo "2508"]
[PlyCount "74"]
[EventDate "2023.??.??"]
[WhiteTeam "SV Lingen"]
[BlackTeam "Wiesbadener SV 1885"]

1. Nf3 d5 2. g3 c6 3. Bg2 Bg4 4. O-O Nd7 5. d4 e6 6. c4 Ngf6 7. Qb3 Qb6 8. Nc3 Be7 9. h3 Bf5 10. c5 Qa6 11. Nh4 Be4 12. Nxe4 Nxe4 13. Qd3 Qxd3 14. exd3 Nef6 15. Bd2 a5 16. Nf3 O-O 17. Rac1 Rfc8 18. Ne5 Nxe5 19. dxe5 Nd7 20. d4 b6 21. cxb6 Nxb6 22. b3 c5 23. dxc5 Bxc5 24. Kh2 Nd7 25. f4 g6 26. Rfd1 Bb4 27. Bf1 Bxd2 28. Rxc8+ Rxc8 29. Rxd2 Rc3 30. Bg2 Nc5 31. g4 Nd3 32. f5 g5 33. Re2 Nf4 34. Rb2 f6 35. fxe6 fxe5 36. b4 axb4 37. Rxb4 Kf8 0-1

[Event "32.Schlosspark-Open"]
[Site "Wiesbaden-Biebrich"]
[Date "2023.08.26"]
[Round "4.15"]
[White "Gramb, Marius"]
[Black "Diez, Gerhard"]
[Result "1-0"]
[WhiteElo "2219"]
[BlackElo "1980"]
[PlyCount "81"]
[EventDate "2023.??.??"]
[WhiteTeam "Brühler SK 1920 e. V."]
[BlackTeam "SC Bad Nauheim"]

1. e4 c5 2. Nf3 a6 3. c3 e6 4. d4 d5 5. exd5 exd5 6. Bd3 Bd6 7. O-O Ne7 8. dxc5 Bxc5 9. Qc2 f5 10. Nbd2 O-O 11. Nb3 Bd6 12. Bg5 Nbc6 13. Rfe1 Qc7 14. Rad1 h6 15. Be3 Bd7 16. Bc5 Rae8 17. Re2 Ne5 18. Nxe5 Bxe5 19. h3 Bd6 20. Bxd6 Qxd6 21. Nd4 f4 22. Rde1 Nc6 23. Rxe8 Rxe8 24. Rxe8+ Bxe8 25. Nf5 Qe5 26. Qb3 b5 27. a4 bxa4 28. Qxa4 Bd7 29. Qxa6 Bxf5 30. Bxf5 Qxf5 31. Qxc6 Qe4 32. Qb5 Qe1+ 33. Qf1 Qd2 34. Qa1 Kf7 35. b4 h5 36. b5 f3 37. gxf3 Qf4 38. Qa7+ Kg6 39. Qb6+ Kh7 40. Qe3 Qf5 41. b6 1-0

[Event "32.Schlosspark-Open"]
[Site "Wiesbaden-Biebrich"]
[Date "2023.08.26"]
[Round "4.16"]
[White "Kersten, Uwe"]
[Black "Eveleens, Wim"]
[Result "1-0"]
[WhiteElo "2235"]
[BlackElo "1993"]
[PlyCount "67"]
[EventDate "2023.??.??"]
[WhiteTeam "Sfr. Bad Emstal/Wolfhagen"]
[BlackTeam "SV Amstel"]

1. d4 e6 2. Bf4 f5 3. e3 Nf6 4. Nf3 d6 5. h3 Qe7 6. Be2 b6 7. c4 Bb7 8. Nc3 g6 9. Rc1 Bg7 10. O-O O-O 11. Bh2 Nbd7 12. b4 Ne4 13. Nb5 c6 14. c5 bxc5 15. Nc7 Rac8 16. dxc5 dxc5 17. Nxe6 Rfe8 18. Nxg7 Kxg7 19. bxc5 Ndf6 20. Be5 Kh6 21. Bf4+ Kg7 22. Qc2 Nd5 23. Qb2+ Kg8 24. Be5 Rcd8 25. Rfd1 Bc8 26. Bd4 f4 27. Bc4 fxe3 28. Bxe3 Qf6 29. Bd4 Qf5 30. Re1 Be6 31. Bd3 Ndf6 32. Nd2 Qd5 33. Nxe4 Nxe4 34. Rxe4 1-0

[Event "32.Schlosspark-Open"]
[Site "Wiesbaden-Biebrich"]
[Date "2023.08.26"]
[Round "4.17"]
[White "Bakiev, Diyor"]
[Black "Pauls, Wilhelm"]
[Result "1-0"]
[WhiteElo "2182"]
[BlackElo "1957"]
[PlyCount "69"]
[EventDate "2023.??.??"]
[WhiteTeam "Wiesbadener SV 1885"]
[BlackTeam "Sportgemeinschaft Kaarst 1912/35"]

1. e4 e5 2. Nf3 Nc6 3. Bb5 a6 4. Ba4 Nf6 5. O-O Be7 6. Re1 b5 7. Bb3 O-O 8. a4 Rb8 9. d3 d6 10. axb5 axb5 11. h3 Nd7 12. c3 Bf6 13. Be3 Ne7 14. Nbd2 c5 15. d4 Qc7 16. Qe2 h6 17. Rec1 Qb6 18. d5 Bb7 19. Bc2 Ra8 20. b4 Ng6 21. g3 Rxa1 22. Rxa1 Rb8 23. Bd3 Ba6 24. Ra2 Qb7 25. Qf1 c4 26. Qa1 Ra8 27. Bxc4 bxc4 28. b5 Nb8 29. bxa6 Rxa6 30. Rxa6 Nxa6 31. Nxc4 Be7 32. Qa4 Nc7 33. Qd7 Qb1+ 34. Kg2 Nb5 35. Nfd2 1-0

[Event "32.Schlosspark-Open"]
[Site "Wiesbaden-Biebrich"]
[Date "2023.08.26"]
[Round "4.18"]
[White "Foerster-Yialamas, Lucas"]
[Black "Sanati, Charlotte"]
[Result "1-0"]
[WhiteElo "2171"]
[BlackElo "1976"]
[PlyCount "73"]
[EventDate "2023.??.??"]
[WhiteTeam "Sabt Frankfurter TV 1860"]
[BlackTeam "SG Trier 1877 e.V."]

1. e4 c5 2. Nf3 d6 3. d4 cxd4 4. Nxd4 Nf6 5. Nc3 a6 6. f3 e5 7. Nb3 Be6 8. Be3 Be7 9. Qd2 Nbd7 10. g4 b5 11. g5 b4 12. Ne2 Nh5 13. Ng3 g6 14. Nxh5 gxh5 15. Rg1 a5 16. Nc1 Nb6 17. Bb5+ Kf8 18. Qf2 Nc4 19. Bxc4 Bxc4 20. Qh4 d5 21. Qxh5 d4 22. Bd2 d3 23. cxd3 Bxd3 24. Nxd3 Qxd3 25. g6 fxg6 26. Rxg6 hxg6 27. Qxh8+ Kf7 28. Qxa8 Bh4+ 29. Kd1 Qf1+ 30. Kc2 Qc4+ 31. Bc3 Qe2+ 32. Kb3 bxc3 33. Qd5+ Kf8 34. bxc3 a4+ 35. Kxa4 Qa6+ 36. Qa5 Qc6+ 37. Kb3 1-0

[Event "32.Schlosspark-Open"]
[Site "Wiesbaden-Biebrich"]
[Date "2023.08.26"]
[Round "4.19"]
[White "Jahnel, Günther"]
[Black "Martin, Reiner"]
[Result "1-0"]
[WhiteElo "2183"]
[BlackElo "1975"]
[PlyCount "81"]
[EventDate "2023.??.??"]
[WhiteTeam "FVS ASP Hoyerswerda"]
[BlackTeam "SC Bad Soden"]

1. d4 Nf6 2. c4 c5 3. d5 e6 4. Nc3 exd5 5. cxd5 d6 6. Nf3 g6 7. Nd2 Bg7 8. e4 O-O 9. Be2 Re8 10. O-O Nbd7 11. h3 a6 12. a4 Rb8 13. Re1 b6 14. Qc2 Qe7 15. Ra3 h6 16. Rb3 Qd8 17. Nc4 Ne5 18. Nxe5 Rxe5 19. f4 Re8 20. Be3 Qc7 21. Bf2 Nd7 22. Bf1 Nf6 23. Qd2 Nh5 24. g4 Nf6 25. e5 dxe5 26. d6 Qd8 27. fxe5 Nd7 28. e6 Rxe6 29. Rxe6 fxe6 30. Ne4 Bb7 31. Bg2 Bd5 32. Rg3 Ne5 33. g5 h5 34. Nf6+ Bxf6 35. Bxd5 Qxd6 36. gxf6 exd5 37. Qf4 Kf7 38. Re3 Nc4 39. Re7+ Kg8 40. Rg7+ Kf8 41. Qh6 1-0

[Event "32.Schlosspark-Open"]
[Site "Wiesbaden-Biebrich"]
[Date "2023.08.26"]
[Round "4.20"]
[White "Blübaum, Johanna"]
[Black "Siegert, Gregor"]
[Result "0-1"]
[WhiteElo "1969"]
[BlackElo "1973"]
[PlyCount "120"]
[EventDate "2023.??.??"]
[WhiteTeam "SV Königsspringer Lemgo"]
[BlackTeam "Schachforum Darmstadt 1994"]

1. d4 Nf6 2. c4 e6 3. Nc3 Bb4 4. e3 O-O 5. Bd2 d5 6. Nf3 b6 7. cxd5 exd5 8. Rc1 a6 9. Bd3 Nbd7 10. Qb3 Bxc3 11. bxc3 Bb7 12. O-O c5 13. Qb1 c4 14. Bc2 Ne4 15. Be1 Qe7 16. Nd2 f5 17. Qb2 Nd6 18. Bd1 Rf6 19. f3 Qxe3+ 20. Bf2 Qg5 21. h4 Qh6 22. Nb1 f4 23. Bc2 g5 24. Rce1 gxh4 25. Re7 Rf7 26. Rxf7 Kxf7 27. Kh2 Rg8 28. Qc1 Bc8 29. Qe1 Re8 30. Qd2 Nf6 31. Re1 Be6 32. Re5 Nd7 33. Re2 Rg8 34. Qe1 Qg5 35. Bxh4 Qh6 36. Nd2 Nf8 37. Re5 Rg3 38. Kg1 Qxh4 39. Nf1 Kf6 40. Nxg3 fxg3 41. Qe3 Nf7 42. f4 Qh2+ 43. Kf1 Qh1+ 44. Qg1 Qxg1+ 45. Kxg1 Nxe5 46. dxe5+ Kf7 47. f5 Bc8 48. Kf1 Nd7 49. e6+ Kf6 50. Ke2 Ne5 51. Ke3 Nd3 52. Kd4 Kxf5 53. e7 Bd7 54. Kxd5 Kf6 55. Kxc4 Nf4 56. Bxh7 Nxg2 57. Kd3 Kxe7 58. Be4 Nf4+ 59. Ke3 g2 60. Kf2 Kd6 0-1

[Event "32.Schlosspark-Open"]
[Site "Wiesbaden-Biebrich"]
[Date "2023.08.26"]
[Round "4.21"]
[White "Bauer, Claus"]
[Black "Baladjaev, Emin"]
[Result "1-0"]
[WhiteElo "2136"]
[BlackElo "1967"]
[PlyCount "77"]
[EventDate "2023.??.??"]
[WhiteTeam "Sfr.Mainz 1928"]
[BlackTeam "SAbt TuS Dotzheim"]

1. d4 d5 2. Nf3 e6 3. e3 Nf6 4. Bd3 Be7 5. Nbd2 b6 6. c3 Bb7 7. Ne5 a6 8. O-O O-O 9. Qf3 Nbd7 10. Qh3 Re8 11. Ndf3 h6 12. g4 Nxe5 13. Nxe5 Ne4 14. f3 Nd6 15. Bd2 Rf8 16. Rae1 f5 17. Ng6 Rf6 18. Qh5 Qe8 19. Nxe7+ Qxe7 20. h3 Raf8 21. Qh4 g5 22. Qg3 Qg7 23. Qe5 Qe7 24. b3 R8f7 25. Bc1 c5 26. Bd2 Rf8 27. Bc1 c4 28. Bc2 fxg4 29. fxg4 Rxf1+ 30. Rxf1 Rxf1+ 31. Kxf1 Nb5 32. Bd2 Qf7+ 33. Kg2 Na3 34. Bd1 Qe7 35. Be1 Kh7 36. Bg3 Kg8 37. Qb8+ Kg7 38. Be5+ Kg6 39. Qg8+ 1-0

[Event "32.Schlosspark-Open"]
[Site "Wiesbaden-Biebrich"]
[Date "2023.08.26"]
[Round "4.22"]
[White "Dörr, Tarik"]
[Black "Sydykov, Bayastan"]
[Result "0-1"]
[WhiteElo "1957"]
[BlackElo "1940"]
[PlyCount "58"]
[EventDate "2023.??.??"]
[WhiteTeam "SC Einrich e.V."]
[BlackTeam "SK 1858 Gießen"]

1. e4 e6 2. d4 d5 3. e5 c5 4. c3 Nc6 5. Nf3 Bd7 6. a3 f6 7. Bd3 fxe5 8. Nxe5 Nf6 9. O-O Bd6 10. Nxd7 Qxd7 11. Be3 cxd4 12. cxd4 e5 13. dxe5 Bxe5 14. Bc5 b6 15. Re1 Kf7 16. Bb5 Bxh2+ 17. Kxh2 bxc5 18. Nc3 Rhe8 19. Qa4 Qc7+ 20. Kg1 Rxe1+ 21. Rxe1 Nd4 22. Re3 Nxb5 23. Nxb5 Qb6 24. Rb3 c4 25. Rf3 Kg8 26. Nc3 Re8 27. Nxd5 Re1+ 28. Kh2 Nxd5 29. g3 Qh6+ 0-1

[Event "32.Schlosspark-Open"]
[Site "Wiesbaden-Biebrich"]
[Date "2023.08.26"]
[Round "4.23"]
[White "Grzeca, Pascal"]
[Black "Knödler, Marcel"]
[Result "1/2-1/2"]
[WhiteElo "2075"]
[BlackElo "1849"]
[PlyCount "53"]
[EventDate "2023.??.??"]
[WhiteTeam "SV 1921 Springer Siershahn e.V."]
[BlackTeam "Wiesbadener SV 1885"]

1. d4 d5 2. Nf3 c6 3. g3 Nf6 4. Bg2 h6 5. O-O Bf5 6. c4 e6 7. Qb3 Qc7 8. cxd5 exd5 9. Bf4 Qb6 10. Qe3+ Be7 11. Bxb8 Bxb1 12. Bxa7 Rxa7 13. Rfxb1 Qc7 14. b4 b5 15. Rc1 O-O 16. Ne5 Ra6 17. Qb3 Bd6 18. Qb2 Bxe5 19. dxe5 Ng4 20. Qd4 Nxe5 21. Bxd5 Qd6 22. f4 Qxd5 23. Qxd5 cxd5 24. fxe5 Re8 25. Rc5 Rxe5 26. Re1 Rxa2 27. Rxb5 1/2-1/2